Wyniki Mistrzostw Świata 2010 (od grupy A do D) - Statystyki

Ogólne statystyki
  • Ten quiz został rozwiązany 195 razy
  • Średni wynik to 9 z 24
Statystyki odpowiedzi
Grupa Wynik % Poprawnych
RPA vs Meksyk 1:1
95%
Urugwaj vs Francja 0:0
68%
RPA vs Urugwaj 0:3
59%
Francja vs RPA 1:2
52%
Meksyk vs Urugwaj 0:1
50%
Francja vs Meksyk 0:2
49%
Anglia vs USA 1:1
45%
Argentyna vs Nigeria 1:0
42%
Korea Południowa vs Grecja 2:0
35%
Niemcy vs Serbia 0:1
32%
Ghana vs Niemcy 0:1
32%
Algieria vs Słowenia 0:1
30%
Słowenia vs Anglia 0:1
29%
Grecja vs Argentyna 0:2
29%
USA vs Algieria 1:0
29%
Anglia vs Algieria 0:0
28%
Niemcy vs Australia 4:0
28%
Argentyna vs Korea Południowa 4:1
27%
Serbia vs Ghana 0:1
26%
Słowenia vs USA 2:2
25%
Grecja vs Nigeria 2:1
24%
Ghana vs Australia 1:1
23%
Nigeria vs Korea Południowa 2:2
23%
Australia vs Ghana 2:1
18%
Nie znaleziono quizów pasujących do podanych kryteriów
Rozkład punktacji
Procent ludzi z każdym wynikiem
Percentyl według liczby udzielonych odpowiedzi
Twoja historia wyników
Nie rozwiązałeś tego quizu